English language communication skills lab manual cum work book (Record no. 194420)

000 -LEADER
fixed length control field 00398nam a2200133Ia 4500
008 - FIXED-LENGTH DATA ELEMENTS--GENERAL INFORMATION
fixed length control field 230215s9999||||xx |||||||||||||| ||und||
020 ## - INTERNATIONAL STANDARD BOOK NUMBER
International Standard Book Number 9789386668455
082 ## - DEWEY DECIMAL CLASSIFICATION NUMBER
Classification number 428.5 KUM
100 ## - MAIN ENTRY--PERSONAL NAME
Personal name Kumar, Rajesh and et.al.
9 (RLIN) 14443
245 #0 - TITLE STATEMENT
Title English language communication skills lab manual cum work book
260 ## - PUBLICATION, DISTRIBUTION, ETC.
Place of publication, distribution, etc. New Delhi
Name of publisher, distributor, etc. Cengage
Date of publication, distribution, etc. 2019
300 ## - PHYSICAL DESCRIPTION
Extent XVIII, 299p.
Other physical details 250
650 ## - SUBJECT ADDED ENTRY--TOPICAL TERM
Topical term or geographic name entry element General Books
Holdings
Withdrawn status Lost status Damaged status Not for loan Collection code Home library Current library Date acquired Total Checkouts Full call number Barcode Date last seen Date last checked out Price effective from Koha item type
        Humanity Science Central Library Central Library 02/15/2023 1 428.5 KUM 24932 02/22/2023 02/22/2023 02/15/2023 Books

Powered by Koha